Natural Hazards And Disaster Management (Record no. 336818)

MARC details
000 -LEADER
fixed length control field 00525nam a2200169Ia 4500
008 - FIXED-LENGTH DATA ELEMENTS--GENERAL INFORMATION
fixed length control field 230718s9999 xx 000 0 und d
020 ## - INTERNATIONAL STANDARD BOOK NUMBER
International Standard Book Number 9788131600337
041 ## - LANGUAGE CODE
Language code of text/sound track or separate title eng
082 ## - DEWEY DECIMAL CLASSIFICATION NUMBER
Classification number 658.477
Item number SIN
100 ## - MAIN ENTRY--PERSONAL NAME
Personal name Singh R.B. (Editor)
245 ## - TITLE STATEMENT
Title Natural Hazards And Disaster Management
Remainder of title Vulnerability And Mitigation
260 ## - PUBLICATION, DISTRIBUTION, ETC. (IMPRINT)
Date of publication, distribution, etc. 2013
Name of publisher, distributor, etc. Rawat Publications
300 ## - PHYSICAL DESCRIPTION
Extent 352
Accompanying material [OBSOLETE, CAN/MARC] Ref 1571 E ME (48025)
365 ## - TRADE PRICE
Currency code Rs.
Price amount 975.00
700 ## - ADDED ENTRY--PERSONAL NAME
Personal name Singh R.B. (Editor)
906 ## - LOCAL DATA ELEMENT F, LDF (RLIN)
d O:0396809-Jul-2014B:78530-Jun-2014
c ME ETC
b 487.5
Holdings
Withdrawn status Lost status Source of classification or shelving scheme Reference No Damaged status Not for loan Home library Current library Date acquired Vendor Budget Code Cost, normal purchase price Bill number Full call number Barcode Date last seen Discount Cost, replacement price Bill Date Koha item type Original Barcode
    Dewey Decimal Classification Ref 1571 E (48025)   Reference Cummins College of Engineering for Women Pune Cummins College of Engineering for Women Pune 09/07/2014 Vaibhav Book House ME ETC 731.25 785 658.477 CCEP-BK-48025 18/07/2023 487.5 975.00 30/06/2014 Books 048025